000 00199nam a2200085Ia 4500
008 170617s9999 xx 000 0 und d
100 _aAnsari-S.H
245 0 _aEssintial of Pharmacognosy
260 _bHimalaya Pub
260 _c2009
999 _c15344
_d15344